LEADER 02137nam a2200325 a 4500 001 000000117020 003 CaOOAMICUS 005 20090917152144.0 008 090917s1554 fr u001 u lat r 026 $as.i- a-t,$borr- nive (3)$c1554(R) 040 $aPUL$bita$dila 100 1 $aSolinus, C. Julius,$dsec. III?.$0(OLS)http://pul/name/72875 245 10$aC. Iulii Solini Polyhistor, ex antiquis Burdegalensium Dominicanorum codicibus, ita restitutus, ut nunc primum natus et editus videri possit. Index locupletissimus, in tres divisus, ... in quibus multa monuit de varia scriptura, no[n]nulla etiam explicuit, dum exemplaria conferret, Elias Vinetus Santonensis . 246 30$aPolyhistor, ex antiquis Burdegalensium Dominicanorum codicibus... 260 $aPictavis :$bEnguilberto Marnefio,$c1554. 300 $a[8], 144, [32] p. ;$c4° (21 cm.) 500 $aSegnatura: [ast.]4 A-L8 500 $aIniziali e fregi xil. 500 $aContiene indice. 500 $aSul front. "Ex Regis privilegio in Quinquennium." 662 $aFrancia$dPoitiers.$0(OLS)http://pul/subject/35704 700 1 $aVinet, Elie,$d1509-1587.$0(OLS)http://pul/name/71984 710 0 $aMarnef, Enguilbert de$4pbl.$0(OLS)http://pul/name/72878 850 $aPUL 852 $aPUL$W1$xDP1 Antico 500$y12$m103 A 24$j134230$qStampati Antico$B133213$CPULBib$Z2$F133213 $82 856 0$uhttp://aquabrowser.pul.it/cinquecentine/103A24-1.jpg 961 $aStemma dell'ordine dei Gesuiti (JHS) sul dorso.Stemma di Gregorio XIII sul dorso.Precedente appartenenza: Collegio Germanico - Bibl. Sup. 996 $6245$aC. Iulii Solini Polyhistor, ex antiquis Burdegalensium Dominicanorum codicibus, ita restitutus, ut nunc primum natus et editus videri possit. Index locupletissimus, in tres divisus, ... in quibus multa monuit de varia scriptura, no[n]nulla etiam explicuit, dum exemplaria conferret, Elias Vinetus Santonensis $9(OLS)http://pul/title/147209 996 $6246$aPolyhistor, ex antiquis Burdegalensium Dominicanorum codicibus...$9(OLS)http://pul/title/147210 996 $6260$aPictavis :$bEnguilberto Marnefio$9(OLS)http://pul/publisher/80645 LEADER 01131nam a2200229 a 4500 001 000000151553 003 CaOOAMICUS 005 20160506091048.0 008 160506s1926 it af u000 u ita r 032 $aLibriCat 040 $aPUL$bita 110 2 $aUnione missionaria del clero.$bSettimana religioso-missionaria$c(Roma :$d1925).$0(OLS)http://pul/name/96442 245 10$aAtti della settimana religioso-missionaria tenutasi in Roma dal 28 settembre al 2 ottobre dell'Anno Santo 1925 /$cUnione missionaria del clero in Italia, Ufficio centrale. 260 $aRoma :$bScuola tipografica Pio X,$c1926. 300 $a168 p. :$bill., tav. ;$c24 cm. 650 4$aMissioni$xCongressi.$0(OLS)http://pul/subject/14745 850 $aPUL 852 $aPUL$W1$xDP1 Cons. Gen., Altre Classi 1$y22$m911 A 24$j174185$qStampati$B176698$CPULBib$Z2$F176698 $81 941 1 $a8 996 $6245$aAtti della settimana religioso-missionaria tenutasi in Roma dal 28 settembre al 2 ottobre dell'Anno Santo 1925$9(OLS)http://pul/title/190828 996 $6260$aRoma :$bScuola tipografica Pio X$9(OLS)http://pul/publisher/48726